00660nam a2200229Ia 4500003000400000005001700004008004100021020000700062040000700069082001700076100002000093245003600113250000700149260003100156300003000187500000700217600003300224650001300257942001200270952013300282999001500415OSt20241022101208.0240925s9999 xx 000 0 und d aNA cdf a297.1226 BOK aBokaeloy, Moris 0aBible, Quran and Science (Urdu) aNA aLahore:bNigarshatc,1995. axviii,729p.bNAfOriginal aNA aHumanities & Natural Science aReligion cBK2ddc 001040708HUMaUITUbUITUd1996-08-29eRoyal Book Companyg200.00l0o297.1226 BOKpQ0770r2024-09-25 07:12:12w2024-09-25yBK c3269d3269